The Curcible / (Record no. 37012)

MARC details
000 -LEADER
fixed length control field 00411nam a22001577a 4500
005 - DATE AND TIME OF LATEST TRANSACTION
control field 20250812094658.0
008 - FIXED-LENGTH DATA ELEMENTS--GENERAL INFORMATION
fixed length control field 250812b |||||||| |||| 00| 0 eng d
082 ## - DEWEY DECIMAL CLASSIFICATION NUMBER
Classification number 820.1
Item number MIL-C
100 ## - MAIN ENTRY--AUTHOR
Author Name Miller, Aruther
245 ## - TITLE STATEMENT
Title The Curcible /
260 ## - PUBLICATION, DISTRIBUTION, ETC.
Place of Publication Pakistan :
Name of publisher, distributor, etc. ilmi Publisher:
Date of publication, distribution, etc. 2015.
300 ## - PHYSICAL DESCRIPTION
Pages ix, 138 p. :
500 ## - GENERAL NOTE
General note include index.
650 ## - SUBJECT ADDED ENTRY--TOPICAL TERM
Subject / Department English Litreature
300 ## - PHYSICAL DESCRIPTION
-- ill;
-- 22 cm.
952 ## - LOCATION AND ITEM INFORMATION (KOHA)
-- 0
-- 0
Holdings
Lost status Damaged status Collection code Permanent Location Current Location Shelving Location Date acquired Full Call Number Accession No./Barcode Date last seen item type Koha item type
    CS/IT Superior Information Resource Center (SIRC) Superior University- Gold Campus Superior Information Resource Center (SIRC) Superior University- Gold Campus English Litreature 08/12/2025 820.1 MIL-C 2015 30362 04/08/2026 BOOK BOOK

Powered by Koha